Հողատիրութիւնը Կովկասում : (Record no. 533213)
[ view plain ]
| 000 -LEADER | |
|---|---|
| fixed length control field | 03987nam a2200529 a 4500 |
| 001 - CONTROL NUMBER | |
| control field | 2008376 |
| 003 - CONTROL NUMBER IDENTIFIER | |
| control field | AM-YEHGA |
| 005 - DATE AND TIME OF LATEST TRANSACTION | |
| control field | 20250618080206.0 |
| 008 - FIXED-LENGTH DATA ELEMENTS--GENERAL INFORMATION | |
| fixed length control field | 250218s1906 ai ||||r|||||00||0|arm|d |
| 040 ## - CATALOGING SOURCE | |
| Original cataloging agency | AM-YeHGA |
| 041 0# - LANGUAGE CODE | |
| Language code of text/sound track or separate title | arm |
| 090 ## - LOCALLY ASSIGNED LC-TYPE CALL NUMBER (OCLC); LOCAL CALL NUMBER (RLIN) | |
| -- | 572205 |
| 100 1# - MAIN ENTRY--PERSONAL NAME | |
| Personal name | Ատրպետ, |
| Numeration | 1860-1937 |
| 9 (RLIN) | 971 |
| 245 10 - TITLE STATEMENT | |
| Title | Հողատիրութիւնը Կովկասում : |
| Remainder of title | Հետազօտութիւն / |
| Statement of responsibility, etc. | Ատրպետ. |
| 260 ## - PUBLICATION, DISTRIBUTION, ETC. | |
| Place of publication, distribution, etc. | Ալեքսանդրապօլ : |
| Name of publisher, distributor, etc. | Շիրակ, |
| Date of publication, distribution, etc. | 1906. |
| 300 ## - PHYSICAL DESCRIPTION | |
| Extent | (11 գիրք մեկ կազմի մեջ) ; 36 էջ |
| 500 ## - GENERAL NOTE | |
| General note | Շարվածքը՝ 15X9 սմ: |
| 500 ## - GENERAL NOTE | |
| General note | Տիտղոսաթերթին՝ զարդանկար: |
| 501 ## - WITH NOTE | |
| With note | Մեկ կազմի մեջ՝ Սահմանադրութեան էութեան մասին / Ֆ. Լասսալ; Թարգմ. ռուս.՝ Լ. Բաբայեան: -Թիֆլիս: Гермесъ: 1906; Ինչպէս կարելի է լուծել հողային հարցը / Ա․Ն․ ; Թարգմ․ Մ․ Յար․։ Թիֆլիզ։ Էլեքտրաշարժ տպարան Ընկ. "Հերմէս"։ 1906; Ժողովրդական օրէնսդրութիւնը դաշնակցական Զւիցերիայում : Պատմական տեսութիւն / Ալֆոնս Դիւնան։ Թիֆլիզ, Էլեքտրաշարժ տպարան Ընկ. "Հերմէս"։ 1906; Ով ինչով է ապրում/ Դիկշտէյն ; Թարգմ․ Ս․Տ․Գ․։ Թիֆլիզ։ Էլեքտրաշարժ տպարան Ընկ. "Հերմէս"։ 1906; Մի զրոյց հողի մասին / Թարգմ․ ռուս․ Լ․Ն․։ Թիֆլիզ։ Էլեքտրաշարժ տպարան Ընկ. "Հերմէս"։ 1906; Կօօպերացիա/ Ա․ Նիկօլաեւ ; Թարգմ․ ռուս․ Յ․Թ․։ Թիֆլիզ։ Էլեքտրաքարշ տպարան Ընկ. "Հերմէս"։ 1906; Խորամանկ կարգեր/ Թարգմ․ ռուս․ տիկ․ Հրանոյշ։ Թիֆլիզ։ Էլեքտրաշարժ տպարան Ընկ. "Հերմէս"։ [1907?]; Ինչպիսի կարգեր են հարկաւոր ժողովրդին / Ս․ Նեկրասով ; Ռուսեր․ թարգմ․ Գար․ Պապովեան։ Ս․ Պետերբուրգ։ "Պուշկինեան" տպարան։ 1907; Ինչ է գիւղատնտեսութիւնը; Դաշնակցութեան կրիզիսը ։ (Մի դիմում դաշնակցական բանւորութեան)/ Մրաւեան։ Վիեննա։ Եղբ․ Յակոբեանների տպարան։ 1907․ |
| 650 14 - SUBJECT ADDED ENTRY--TOPICAL TERM | |
| Topical term or geographic name entry element | Կովկասի պատմություն |
| 700 1# - ADDED ENTRY--PERSONAL NAME | |
| Personal name | Լասսալ, Ֆէրդինանդ |
| 700 1# - ADDED ENTRY--PERSONAL NAME | |
| Personal name | Բաբայեան, Լ․ |
| Relator term | թարգմ․ |
| Relationship | trl |
| 700 0# - ADDED ENTRY--PERSONAL NAME | |
| Personal name | Ա․Ն․ |
| 700 0# - ADDED ENTRY--PERSONAL NAME | |
| Personal name | Մ․ Յար․ |
| Relator term | թարգմ․ |
| Relationship | trl |
| 700 1# - ADDED ENTRY--PERSONAL NAME | |
| Personal name | Դիւնան, Ալֆոնս |
| 700 0# - ADDED ENTRY--PERSONAL NAME | |
| Personal name | Դիկշտէյն |
| 700 0# - ADDED ENTRY--PERSONAL NAME | |
| Personal name | Ս․Տ․Գ․ |
| Relator term | թարգմ․ |
| Relationship | trl |
| 700 0# - ADDED ENTRY--PERSONAL NAME | |
| Personal name | Լ․Ն․ |
| Relator term | թարգմ․ |
| Relationship | trl |
| 9 (RLIN) | 470 |
| 700 1# - ADDED ENTRY--PERSONAL NAME | |
| Personal name | Նիկօլաեւ, Ա․ |
| 700 0# - ADDED ENTRY--PERSONAL NAME | |
| Personal name | Յ․Թ․ |
| Relator term | թարգմ․ |
| Relationship | trl |
| 9 (RLIN) | 4844 |
| 700 0# - ADDED ENTRY--PERSONAL NAME | |
| Personal name | Հրանոյշ |
| Relator term | թարգմ․ |
| Relationship | trl |
| 700 1# - ADDED ENTRY--PERSONAL NAME | |
| Personal name | Նեկրասով, Ս․ |
| 700 1# - ADDED ENTRY--PERSONAL NAME | |
| Personal name | Պապովեան, Գար․ |
| Relator term | թարգմ․ |
| Relationship | trl |
| 700 1# - ADDED ENTRY--PERSONAL NAME | |
| Personal name | Մրաւեան |
| 740 02 - ADDED ENTRY--UNCONTROLLED RELATED/ANALYTICAL TITLE | |
| Uncontrolled related/analytical title | Սահմանադրութեան էութեան մասին |
| 740 02 - ADDED ENTRY--UNCONTROLLED RELATED/ANALYTICAL TITLE | |
| Uncontrolled related/analytical title | Ինչպէս կարելի է լուծել հողային հարցը |
| 740 02 - ADDED ENTRY--UNCONTROLLED RELATED/ANALYTICAL TITLE | |
| Uncontrolled related/analytical title | Ժողովրդական օրէնսդրութիւնը դաշնակցական Զւիցերիայում : Պատմական տեսութիւն / |
| 740 02 - ADDED ENTRY--UNCONTROLLED RELATED/ANALYTICAL TITLE | |
| Uncontrolled related/analytical title | Ով ինչով է ապրում |
| 740 02 - ADDED ENTRY--UNCONTROLLED RELATED/ANALYTICAL TITLE | |
| Uncontrolled related/analytical title | Մի զրոյց հողի մասին |
| 740 02 - ADDED ENTRY--UNCONTROLLED RELATED/ANALYTICAL TITLE | |
| Uncontrolled related/analytical title | Կօօպերացիա |
| 740 02 - ADDED ENTRY--UNCONTROLLED RELATED/ANALYTICAL TITLE | |
| Uncontrolled related/analytical title | Խորամանկ կարգեր |
| 740 02 - ADDED ENTRY--UNCONTROLLED RELATED/ANALYTICAL TITLE | |
| Uncontrolled related/analytical title | Ինչպիսի կարգեր են հարկաւոր ժողովրդին |
| 740 02 - ADDED ENTRY--UNCONTROLLED RELATED/ANALYTICAL TITLE | |
| Uncontrolled related/analytical title | Ինչ է գիւղատնտեսութիւնը |
| 740 02 - ADDED ENTRY--UNCONTROLLED RELATED/ANALYTICAL TITLE | |
| Uncontrolled related/analytical title | Դաշնակցութեան կրիզիսը |
| 856 41 - ELECTRONIC LOCATION AND ACCESS | |
| Uniform Resource Identifier | <a href="http://greenstone.flib.sci.am/gsdl/collect/hajgirqn/book/hoghatirutyunyk_1906.pdf">http://greenstone.flib.sci.am/gsdl/collect/hajgirqn/book/hoghatirutyunyk_1906.pdf</a> |
| Link text | Կարդալ առցանց |
| 942 ## - ADDED ENTRY ELEMENTS (KOHA) | |
| Source of classification or shelving scheme | Universal Decimal Classification |
| Koha item type | Գրքեր / Books |
| Withdrawn status | Lost status | Source of classification or shelving scheme | Damaged status | Not for loan | Collection | Home library | Current library | Date acquired | Serial enumeration / chronology | Inventory number | Total checkouts | Full call number | Barcode | Date last seen | Price effective from | Koha item type | Public note |
|---|---|---|---|---|---|---|---|---|---|---|---|---|---|---|---|---|---|
| Universal Decimal Classification | Edgaryan Individual Collection | Fundamental Scientific Library | Fundamental Scientific Library | 18/02/2025 | Ալիգ 9 | Էդգ/891 | Էդգ/883 | FL0689992 | 18/02/2025 | 18/02/2025 | Գրքեր / Books | ILL Non-Circ. |
ՀՀ Գիտությունների ազգային ակադեմիայի հիմնարար գիտական գրադարան = Fundamental Scientific Library of NAS RA
All site content, except where otherwise noted, is licensed under a